000 00301nam a22001337a 4500
008 170925b xxu||||| |||| 00| 0 eng d
020 _a9780897895651
041 _aeng
080 _a37
100 _a46
101 _aEDU
245 _aBELL HOOKS ENGAGED PEDAGOGY
_cFLORENCE.N
942 _2udc
_cBK
999 _c29640
_d29640